SEED TECHNOLOGY (Record no. 9058)

MARC details
000 -LEADER
fixed length control field 00461nam a22001817a 4500
005 - DATE AND TIME OF LATEST TRANSACTION
control field 20260402161602.0
008 - FIXED-LENGTH DATA ELEMENTS--GENERAL INFORMATION
fixed length control field 260309b |||||||| |||| 00| 0 eng d
020 ## - INTERNATIONAL STANDARD BOOK NUMBER
ISBN 978-81-204-0994-1
041 ## - LANGUAGE CODE
Language code of text/sound track or separate title eng
082 ## - DEWEY DECIMAL CLASSIFICATION NUMBER
Classification number 631.521 AGA-S
100 ## - MAIN ENTRY--AUTHOR NAME
Personal name AGARWAL, RATTAN LAL
245 ## - TITLE STATEMENT
Title SEED TECHNOLOGY
250 ## - EDITION STATEMENT
Edition statement 2ND ED.
260 ## - PUBLICATION, DISTRIBUTION, ETC. (IMPRINT)
Place of publication NEW DELHI
Name of publisher CBS PUBLISHERS & DISTRIBUTORS PVT.LTD.
Year of publication 1995
300 ## - PHYSICAL DESCRIPTION
Number of Pages 829;P
650 ## - SUBJECT ADDED ENTRY--TOPICAL TERM
Topical Term AGRICULTURE
942 ## - ADDED ENTRY ELEMENTS (KOHA)
Koha item type Books
Holdings
Lost status Damaged status Collection code Home library Current library Shelving location Date acquired Source of acquisition Cost, normal purchase price Serial Enumeration / chronology Full call number Accession Number Koha item type
    AGRICULTURE JRU Library JRU Library SHELF-43-G 09/03/2026 PURCHASE 795.00 LBI/000880 , DATE-6/03/2026 631.521 29294 Books
    AGRICULTURE JRU Library JRU Library SHELF-43-G 09/03/2026 PURCHASE 795.00 LBI/000880 , DATE-6/03/2026 631.521 29295 Books
    AGRICULTURE JRU Library JRU Library SHELF-43-G 09/03/2026 PURCHASE 795.00 LBI/000880 , DATE-6/03/2026 631.521 29296 Books
    AGRICULTURE JRU Library JRU Library SHELF-43-G 09/03/2026 PURCHASE 795.00 LBI/000880 , DATE-6/03/2026 631.521 29297 Books
    AGRICULTURE JRU Library JRU Library SHELF-43-G 09/03/2026 PURCHASE 795.00 LBI/000880 , DATE-6/03/2026 631.521 29298 Books